Az új büntető törvénykönyvről Interjú a megyei főügyésszel /

Elmentve itt :
Bibliográfiai részletek
Szerző: Ladányi Zsuzsa
Dokumentumtípus: Cikk
Megjelent: 1979-01-05
Sorozat:Délmagyarország 69 No. 3
Kulcsszavak:Kereszty Béla
Online Access:http://dmarchiv.bibl.u-szeged.hu/95733
LEADER 00493nab a2200157 i 4500
001 delm95733
005 20190527083756.0
008 190527s1979 hu o 0|| hun d
040 |a SZTE Délmagyarország Archívum  |b hun 
041 |a hun 
100 1 |a Ladányi Zsuzsa 
245 1 3 |a Az új büntető törvénykönyvről   |h [elektronikus dokumentum] :  |b Interjú a megyei főügyésszel /  |c  Ladányi Zsuzsa 
260 |c 1979-01-05 
300 |a 3 
490 0 |a Délmagyarország  |v 69 No. 3 
695 |a Kereszty Béla